000 00436nam a22001457a 4500
003 OSt
005 20240403112312.0
008 240403b |||||||| |||| 00| 0 eng d
040 _cCentral Library MRSPTU
100 _aS.V. Kirloskar
245 _aThe Man Who Made Machines
_bBiography of The Pioneering Industrialist from Maharashtra : Laxmanrao Kirloskar
260 _bKirloskar Brothers Limited
300 _a278
942 _2ddc
_cBK
_n0
999 _c9961
_d9961